Report and proceedings. (Record no. 80436)

MARC details
000 -LEADER
fixed length control field 00710cam a22002171 4500
001 - CONTROL NUMBER
control field sa 68004937
003 - CONTROL NUMBER IDENTIFIER
control field DLC
005 - DATE AND TIME OF LATEST TRANSACTION
control field 20260227112505.0
008 - FIXED-LENGTH DATA ELEMENTS--GENERAL INFORMATION
fixed length control field 720425s1967 ii 00000 eng
010 ## - LIBRARY OF CONGRESS CONTROL NUMBER
LC control number sa 68004937 //r892
025 ## - OVERSEAS ACQUISITION NUMBER
Overseas acquisition number PL480:I-E-8886
043 ## - GEOGRAPHIC AREA CODE
Geographic area code a-ii---
050 0# - LIBRARY OF CONGRESS CALL NUMBER
Classification number LAW
082 ## - DEWEY DECIMAL CLASSIFICATION NUMBER
Classification number 352/.008/095482
110 10 - MAIN ENTRY--CORPORATE NAME
Corporate name or jurisdiction name as entry element Madras (State).
Subordinate unit Legislature.
-- Legislative Council.
-- Select Committee on the Madras District Municipalities (Amendment) Bill, 1967 (L.A. Bill No. 2 of 1967)
245 00 - TITLE STATEMENT
Title Report and proceedings.
260 0# - PUBLICATION, DISTRIBUTION, ETC.
Place of publication, distribution, etc. Madras,
Name of publisher, distributor, etc. Legislative Council Dept.,
Date of publication, distribution, etc. 1967.
300 ## - PHYSICAL DESCRIPTION
Extent 12 p.
Dimensions 25 cm.
500 ## - GENERAL NOTE
General note Cover title.
650 #0 - SUBJECT ADDED ENTRY--TOPICAL TERM
Topical term or geographic name entry element Municipal corporations
Geographic subdivision India
-- Tamil Nadu.

No items available.

Powered by Koha